00402 2200157 4500245006100000020002200061250001100083100002000094650001600114005001900130260004200149041001400191084000800205300002200213336000900235 aLove Command b : The First FallcJanice NathaniahText a978-979-22-9589-4 aCet. 1 aJanice Nathania aNovel Fiksi a20230110072332 aJakartabGramedia Pustaka Utamac2013 aIndonesia a813 a272 hlm. :c20 cm atext